Double Entry Book Keeping -XII (Record no. 11233)
[ view plain ]
| 000 -LEADER | |
|---|---|
| fixed length control field | 00266nam a22000977a 4500 |
| 008 - FIXED-LENGTH DATA ELEMENTS--GENERAL INFORMATION | |
| fixed length control field | 181106b ||||| |||| 00| 0 eng d |
| 020 ## - INTERNATIONAL STANDARD BOOK NUMBER | |
| International Standard Book Number | 9788183507653 |
| 100 ## - MAIN ENTRY--PERSONAL NAME | |
| Personal name | Grewals,T.S. |
| 9 (RLIN) | 3993 |
| 245 ## - TITLE STATEMENT | |
| Title | Double Entry Book Keeping -XII |
| 260 ## - PUBLICATION, DISTRIBUTION, ETC. (IMPRINT) | |
| Place of publication, distribution, etc. | New Delhi |
| Name of publisher, distributor, etc. | Sultan Chand |
| Date of publication, distribution, etc. | 2018 |
| Withdrawn status | Lost status | Source of classification or shelving scheme | Damaged status | Koha normalized classification for sorting | Not for loan | Home library | Current library | Shelving location | Date acquired | Total Checkouts | Full call number | Barcode | Date last seen | Price effective from | Koha item type |
|---|---|---|---|---|---|---|---|---|---|---|---|---|---|---|---|
| Dewey Decimal Classification | 657_000000000000000 | Good Samaritan School Library | Good Samaritan School Library | Accountancy | 11/06/2018 | 657 | GRE15188 | 11/06/2018 | 11/06/2018 | BOOK |